Anyanyelvi Tábor

Bibliographic Details
Main Authors: Neszméri, Tünde, 1980- (Author, Interviewer), Csóka, Éva (Author), Botló, Judit (Author), Szabó, József (Author)
Format: Article
Language:Hungarian
PhysicalDescription:Fotogr.
ISSN:1335-6631
Subjects:

MARC

LEADER 00000nab a2200000 a 4500
001 vtls010618031
003 SK-MaSNL
005 20260318125149.0
008 140905|2014 xo w| 000 0|hun
015 |a SNBRB2014/09 
038 |a DSZK 
040 |a DSZK  |b slo  |c DSZK  |e AACR2 
041 0 |a hun 
044 |a xo  |c SK 
080 |a 81`242  |2 2001 
080 |a 811.511.141  |2 2001 
080 |a 379.8 (439:437.6)  |2 2001 
100 1 |a Neszméri, Tünde,  |d 1980-  |4 ivr  |4 aut  |9 619583 
245 1 0 |a Anyanyelvi Tábor  |c Neszméri Tünde, Csóka Éva, Botló Judit, Szabó József 
300 |b Fotogr. 
611 2 7 |a Anyanyelvi Tábor  |n (31. :  |d 2014 :  |c Győr, Maďarsko)  |2 dszk  |9 1268737 
648 7 |a 2014  |2 dszk  |9 334827 
650 0 7 |a maďarčina  |2 SNKPH  |9 1492 
650 0 7 |a materinský jazyk  |2 SNKPH  |9 1366 
650 0 7 |a tábory  |2 dszk  |9 561689 
651 7 |a Dolný Štál (Slovensko)  |2 SNKPHgeo  |9 79250 
651 7 |a Győr (Maďarsko)  |2 dszk  |9 24968 
700 1 |a Csóka, Éva  |4 ive  |4 aut  |9 1095870 
700 1 |a Botló, Judit  |4 ive  |4 aut  |9 1268738 
700 1 |a Szabó, József  |4 ive  |4 aut  |9 393519 
773 0 |t Szabad újság  |g Évf. XXI, sz. 105 (2014), o. 28-29  |x 1335-6631 
852 |a DSZK  |b KIS3GCP 
958 |a HU 
958 |a SK 
999 |c 2272575  |d 2274505